000 00793nam a22001697a 4500
003 OSt
005 20251124151027.0
008 251124b |||||||| |||| 00| 0 eng d
040 _cDCL
082 _a၂၉၄.၃၈၂၃၅၁၁
130 _aတိပိဋက။
_pသုတ္တန္တပိဋက။
_pခုဒ္ဒကနိကာယ။
_tဓမ္မပဒ ၊
_lအဋ္ဌကထာ။
245 _aဓမ္မပဒဋ္ဌကထာ ၊
_nပထမတွဲ ။
264 _aရန်ကုန် ၊
_bသာသနာရေးဦးစီး၊
_c၂၀၀၂။
300 _aဃ၊ ၄၉၆ စာမျက်နှာ ၊
_c၂၅ စင်တီ။
650 _aဓမ္မပဒ
_vအဋ္ဌကထာ။
942 _2ddc
_cSHORT TERM
_n0
999 _c2603
_d2603